书目信息 |
| 书名: | Geographia Polonica | |
| 作者: | John B.Goddard. | |
| 分册号: | ||
| 分册名: | 出版地: | Warszaw : |
|
| 出版社: | PWN-Polish Scientific Pub | |
| 出版时间: | 1985. | |
| 页数: | 332 p. ; | |
| 开本: | 26cm | |
| 丛书名: | ||
| 中图分类号: | ||
| 科图分类号: | ||
| 其他分类号: | K90-53 | |
| 主题词: | ||
| 电子资源: | ||
| 000 | 00687nam 2200229 a 4500 | |
| 001 | E0737209403 | |
| 005 | 20070228171512.71 | |
| 008 | @1 uu | |
| 008 | 1985 | |
| 020 | @a83-01-06316-5@c | |
| 040 | @aCcBjTSG | |
| 049 | @aN5LA | |
| 090 | @a2/K951.3/PAS//////254293/-94/ v.38-39/271203/ v.40 | |
| 090 | @aK90-53 | |
| 096 | @aK951.3 @v2 | |
| 099 | @dK90-53@ex5 | |
| 110 | 2 | @aPolska Akademia Nauk. |
| 245 | 10 | @aGeographia Polonica / @cJohn B.Goddard. |
| 260 | @aWarszaw :@bPWN-Polish Scientific Pub.,@c1985. | |
| 300 | @a332 p. ;@c26cm@lNLC09@h2245@lNLC09@h2241@lNLC09@h1833 :@b40 ;@c20050923@lNLC09@h1724 | |
| 700 | @aGoddard,Hohn B. | |
| 852 | 9 | @bWWJC @cJ08S @k2 @hK951.3 @iPAS |
| Geographia Polonica / / John B.Goddard.-Warszaw : : PWN-Polish Scientific Pub., , 1985. |
| 332 p. ; ; 26cm : 40 ; ; 20050923 |
| ISBN 83-01-06316-5 |
| ● |
| 相关链接 |
|
|
|
|
正题名:Geographia Polonica
索取号:K90-53/x5
 
预约/预借
| 序号 | 登录号 | 条形码 | 馆藏地/架位号 | 状态 | 备注 |
| 1 | 181295 | 001691299 | 第二样本阅览室/ [索取号:K90-53/x5] | 在馆 | |
| 2 | 181296 | 001691306 | 第四借阅区/ [索取号:K90-53/x5] | 在馆 | |
| 3 | 181297 | 001691315 | 第四借阅区/ [索取号:K90-53/x5] | 在馆 |